000 00618nam a22002657a 4500
003 UA-OsUOA
001 26481
007 ta
008 20040603b un ||||| |||| 00| 0 ukr d
100 _aПопов П.И.
700 _aБаев К.Л.
700 _aВоронцов-Вельяминов Б.А.
090 _a52
_bП58
942 _cBK
040 _aUA-OsUOA
_brus
_cUA-OsUOA
_dUA-OsUOA
245 _aАстрономия
300 _a543 с.
955 _a0
041 _arus
080 _a52
260 _aМосква
_bУЧПЕДГИЗ
_c1953
044 _aRU
650 7 _2UDC
999 _c312806
_d312806